000 00702nam a2200265 i 4500
001 bg
100 1 _aLEONHARD, Woody
245 1 0 _aExcel 97 - dokuczliwości ;
_c[tł. z ang. Joanna Radzikowska-Kopańczyk].
246 _iTyt. oryg.:
_aWord 97 annoyaces
260 _aWarszawa :
_bRead Me,
_c1998.
300 _aXIII, 347 s. ;
_c24 cm.
500 _aOryg.: "Word 97 annoyaces".
504 _aIndeks.
650 9 _aExcel
655 _aPodręczniki
700 1 _aHUDSPETH, Lee
700 1 _aLEE, T. J.
020 _a8387216410
040 _cBPK
041 1 _apl
_hen
080 _a004.42Excel(07)
920 _a83-87216-41-0
942 _cKS
008 s pl f |000 0 pol
999 _c34757
_d34757
856 _uhttp://koha.tu.koszalin.pl/cgi-bin/koha/opac-detail.pl?biblionumber=34757
_yKatalog online BPK